000 00289nam a22001337a 4500
008 170922b xxu||||| |||| 00| 0 eng d
020 _a9780791440940
041 _aeng
080 _a37
100 _a46
101 _aEDU
245 _aFOR GIRLS ONLY
_cSTREITMATTER,J.L
942 _2udc
_cBK
999 _c29095
_d29095